| 000 | 00576nam a2200181 i 4500 | ||
|---|---|---|---|
| 001 | 126026 | ||
| 003 | ES-MaACL | ||
| 005 | 20251207124548.0 | ||
| 007 | t| | ||
| 008 | 070214s1934 xxk r ||||1| eng d | ||
| 100 | 1 |
_aReichinstein, David. _995968 |
|
| 245 | 1 | 0 |
_aAlbert Einstein _b: a picture of his life and his conception of the world / _cby David Reichinstein. |
| 260 |
_aLondon : _bEdward Godlston, _c1934. |
||
| 300 |
_a252 p. : _bil. ; _c24 cm. |
||
| 600 | 1 | 4 |
_aEinstein, Albert, _d1879-1955 _946838 |
| 852 |
_aES-MaACL _jA-2925 |
||
| 999 |
_c126026 _d126026 |
||